Fußballmannschaften von Kevin-Prince Boateng - Statistiken

Allgemein
  • Dieses Quiz wurde 97 mal gespielt
  • Das Durchschnittsergebnis liegt bei 9 aus 16
Antwortstatistiken
Spiele Tore Vorlagen Antwort % Korrekt
29 5 3 Hertha BSC II
85%
5 2 0 Hertha BSC U17
85%
91 5 9 Hertha BSC
83%
30 6 0 Hertha BSC U19
83%
114 18 16 AC Mailand
82%
4 0 0 FC Barcelona
74%
60 7 9 FC Schalke 04
74%
11 0 2 Borussia Dortmund
71%
36 6 2 Eintracht Frankfurt
58%
24 0 1 Tottenham Hotspur
38%
29 10 5 UD Las Palmas
31%
27 5 3 FC Portsmouth
29%
15 5 1 US Sassuolo
27%
15 1 0 AC Florenz
21%
11 3 1 Besiktas JK
15%
25 5 4 AC Monza
10%
Keine übereinstimmenden Quizze gefunden
Verteilung der Resultate
Anzahl Personen mit jedem Resultat
Perzentil nach korrekt beantworteten Fragen
Ihre Resultats-Entwicklung
Sie haben dieses Quiz noch nicht gespielt